000
00310nam a2200133Ia 4500
008
191201s2007 xx 000 0 und d
082
_a
658.5
_b
PRO
100
_a
PRASAD, L M
245
0
_a
Organisational Behaviour
260
_a
N.Delhi
_b
Sultan Chand
_c
2007
300
_a
709
650
_a
MBA
942
_2
ddc
_c
BK
999
_c
2799
_d
2799